Belgrade - Choix multiples - Statistiques

Statistiques générales
  • Ce quiz a été pris 1 557 fois
    1 508 depuis la dernière actualisation
  • Le résultat moyen est 6 sur 10
Statistiques - réponses
Question Réponse % Correct
Quelle ancienne république fédérale avait Belgrade pour capitale ? Yougoslavie
94%
Quel sportif est né à Belgrade ? Novak Djokovic
87%
Pourquoi l'OTAN a-t-elle bombardé Belgrade en 1999 ? Pour mettre fin à la guerre du Kosovo et aux violences contre les Albanais
84%
Quel surnom est donné à l’affrontement entre l’Étoile Rouge et le Partizan Belgrade ? Le Derby éternel
68%
Quel héros grec était à la tête des Argonautes, un équipage mythologique qui aurait fondé la ville ? Jason
64%
Pour quelle avancée scientifique Nikola Tesla, inventeur qui a donné son nom à l'aéroport et un musée de la ville, est-il célèbre ? Le courant alternatif
58%
Quelle église orthodoxe, emblème de Belgrade, est l’une des plus grandes au monde ? Saint-Sava
54%
À la confluence de quels fleuves Belgrade se situe-t-elle ? Danube et Save
51%
Quelle image représente la forteresse de Belgrade qui domine ces deux fleuves ?
40%
Quel nom la cité romaine fondée sur l'emplacement de l'actuel centre-ville de Belgrade portait-elle ? Singidunum
19%
Aucun quiz correspondant
Distribution des résultats
% des personnes avec chaque résultat
Percentile par nombre de réponses
Votre historique - résultats
Vous n’avez pas pris ce quiz depuis la dernière actualisation